Top 189 kurdische Vornamen - Statistiken

Allgemein
  • Dieses Quiz wurde 24 mal gespielt
  • Das Durchschnittsergebnis liegt bei 22 aus 189
Antwortstatistiken
📍 Vorname % Korrekt
Az.d ♂️ Azad
70%
R.j ♂️♀️ Roj
60%
Ag.t | Eg.t ♂️ Agit | Egit
55%
Al.n ♂️ Alan
50%
Ar.m ♂️ Aram
45%
C.w.n ♂️ Ciwan
45%
Ar.s ♂️ Aras
40%
A.i ♂️ Ari
40%
B.r.n ♂️ Baran
40%
Be.f.n | B.f..n ♀️ Berfin | Befrin
40%
B.r.v.n ♀️ Berivan
40%
D.l.n ♀️ Dilan
40%
H.l.n ♀️ Helin
40%
Mi.a ♀️ Mira
40%
R.j.n ♀️ Rojin
40%
Ar.n ♀️♂️ Arin
35%
B.r.t.n ♀️ Beritan
35%
D.y.r | Di.r ♂️ Diyar | Diar
35%
Ev.n ♀️ Evin
35%
Be.xw.d.n ♂️ Berxwedan
30%
H.v.n ♀️ Havin
30%
R.b.n ♂️ Robin
30%
R.h.t ♂️ Rohat
30%
R.j.a ♀️ Rojda
30%
Z.l.n ♀️ Zilan
30%
A.j.n ♀️ Arjin
25%
D.l.l ♀️ Delal
25%
Di.b.r ♀️ Dilber
25%
He.i ♀️ Hevi
25%
J.y.n ♂️♀️ Jiyan
25%
L.r.n ♀️ Lorin
25%
N.r.n ♀️ Narin
25%
Pe.v.n ♀️ Pervin
25%
Ro.h.t ♂️ Rojhat
25%
Se.h.t ♂️ Serhat
25%
Z.l.l ♀️ Zelal
25%
Z.z.n | S.s.n ♀️ Zozan | Sosan
25%
D.c.e ♀️ Dicle
20%
D.l.v.n ♂️♀️ Dilovan
20%
G.w.r ♂️ Giwar
20%
H.w.r ♂️ Hawar
20%
H.v.n | H.w.n ♀️ Hevin | Hewin
20%
H.w.l ♂️ Hewal
20%
Ro.i ♂️ Roni
20%
A.v.n ♂️ Alvin
15%
A.i.n ♂️ Arian
15%
A.m..c ♂️ Armanc
15%
A.o ♂️ Aso
15%
B.r.n ♀️ Berin
15%
B.t.n ♂️ Botan
15%
El.m ♀️ Elam
15%
Ka.a ♂️ Kawa
15%
Ku.d..t.n ♀️ Kurdistan
15%
Ma.l.m ♂️ Mazlum
15%
N.l.n ♀️ Nalin
15%
Ne.r.z ♀️ Newroz
15%
Ro.a ♀️ Rona
15%
R.k.n ♀️ Ruken
15%
S.y.b..d | S.y.m.d ♂️ Siyabend | Siyamed
15%
W.l.t ♂️ Welat
15%
X.b.t ♂️ Xebat
15%
X.z.l ♀️ Xezal
15%
Xw.d..a ♂️ Xwededa
15%
Y.z.a ♀️ Yezda
15%
B.b.n ♂️ Baban
10%
D.r.k ♂️ Derik
10%
El.i.s | El.y.s ♂️ Ellias | Ellyas
10%
E.g.n ♂️ Engin
10%
G.l.z.r ♀️ Gulizer
10%
H.n.m ♀️ Hanim
10%
H.z.n ♂️ Hozan
10%
K.r.o ♂️ Kurdo
10%
Me.v.n ♂️ Mervan
10%
Mi.g.n ♀️ Mizgin
10%
R.w..d ♂️ Rawand
10%
R.b.z ♂️ Rebaz
10%
R.b.n ♂️ Rebin
10%
R.n.s ♀️♂️ Renas
10%
Ro.b.n ♀️ Rojbin
10%
R.n..i ♀️ Ronahi
10%
Ro.a ♀️ Roza
10%
S.m.n ♂️ Saman
10%
S.d.t ♂️ Sedat
10%
S.d.r ♂️♀️ Sidar
10%
Si.w.n ♂️ Sirwan
10%
Xe.e ♀️ Xece
10%
X.l.f ♂️ Xelef
10%
Ye.d.n ♂️ Yezdan
10%
Z.r.n ♀️ Zerin
10%
Z.n.r ♂️ Zinar
10%
Zo.o ♂️ Zoro
10%
A.o ♂️ Ako
5%
Ar.a.a ♀️ Ariana
5%
D.w.n | D.v.n ♂️ Dawin | Davin
5%
De.h.t ♂️ Demhat
5%
D.r.a ♀️ Derya
5%
De.r.n ♂️ Devran
5%
E.m.s ♀️ Elmas
5%
E.i.a ♀️ Evina
5%
H.l.a..e ♀️ Hellalle
5%
H.m.n ♂️ Hemin | Hemen
5%
H.v.a ♀️ Hivda
5%
H.v..n ♂️♀️ Hivron
5%
Ji.o ♂️ Jiro
5%
Ka.i ♂️♀️ Kani
5%
K.n.w.r ♂️ Kaniwar
5%
Ka.w.n ♂️ Karwen
5%
Ma.s.r ♂️ Mansur
5%
Ro.h.l.t ♂️ Rojhilat
5%
Sa.d ♂️ Said
5%
S.m.a ♀️ Semra
5%
Se.h..d.n ♂️ Serhildan
5%
Sh.r.n ♀️ Shirin
5%
S.l.m.n ♂️ Sileman
5%
S.r.n ♂️ Soran
5%
S.z..r ♀️ Sozdar
5%
To.h..d.n ♂️ Tolhildan
5%
V.j.n ♀️ Vejin
5%
Xe.o ♂️ Xero
5%
Ze.a ♀️ Zera
5%
Ze.d..t ♂️ Zerdest
5%
As.n ♂️ Asan
0%
A.t..a ♀️ Astera
0%
A.y.r ♂️ Avyar
0%
B.s.m ♂️ Besim
0%
Da.v.n ♂️ Darvin
0%
Di.b..w.n ♂️ Dilbixwin
0%
D.l..n ♂️ Dilian
0%
Fa.z..d ♂️ Farzand
0%
F.r.s..e ♀️ Firishte
0%
G.s.t..r ♂️ Gashtear
0%
Ge.n.s ♂️ Gernas
0%
G.r.n ♂️ Goran
0%
Gu.p..i ♀️ Gulperi
0%
H.w.d.r | H.w..d.r ♀️ Hewidar | Hewindar
0%
H.g.r ♂️ Hogir
0%
K.w.n ♀️ Kawin
0%
K.n.n ♂️ Kenan
0%
K.y.n ♂️ Keyan
0%
K.y.o ♂️ Keyro
0%
K.v.n ♂️ Kovan
0%
Kr.w ♂️ Kriw
0%
M.d..i ♂️ Medeni
0%
M.d.a ♀️ Medya
0%
M.r.c.n ♀️ Merican
0%
Mi.h.t ♂️ Mirhat
0%
Mi.o ♂️ Miro
0%
Mo.h ♂️ Moah
0%
Mu.i ♂️♀️ Mudi
0%
N.z.m.n ♀️ Nazemin
0%
N.s.t.m.n ♀️ Nishtiman
0%
Nu.i ♂️ Nuri
0%
Pa.z..n | Pe.j.n ♀️ Parzhin | Perjin
0%
Pe.s ♂️ Pers
0%
P.l.a ♂️ Polla
0%
Po.h.a ♀️ Poshya
0%
Q.l.x.n ♂️♀️ Qulixan
0%
Qu.o ♂️ Quto
0%
Re.w.r ♂️ Rebwar
0%
R.j.n ♂️♀️ Rejin
0%
Re.s..n ♀️ Rewshen
0%
Ri.g.r ♂️ Rizgar
0%
Ro.a ♀️ Roda
0%
Ro.d.r ♂️♀️ Rojdar
0%
Ro.h.n ♂️ Rojhan
0%
Ro.y.r ♂️ Rojyar
0%
R.k.r ♂️ Rokar
0%
R.s.n ♀️ Rusen
0%
S.b.i ♂️ Sabri
0%
Sa.y.l ♂️ Saryal
0%
S.b.r ♀️ Seber
0%
Se.a ♀️ Sema
0%
Se.g.n ♂️ Sergen
0%
S.r.x.n ♂️ Seroxan
0%
S.y.x.n ♂️ Seytxan
0%
Sh.r.o ♂️ Sherko
0%
S.e.w.n ♂️ Sherwan
0%
Sh.l.n ♀️ Shilan
0%
Sh.n.w.r ♂️ Shinewir
0%
Sh.v.n ♂️ Shivan
0%
Sh.y.r ♂️ Shiyar
0%
Si.o ♂️ Silo
0%
S.m.o ♂️ Simko
0%
S.n..x.n ♀️ Sinemxan
0%
X.t.r ♂️ Xatar
0%
Y.r.n ♀️ Yaran
0%
Z.d.n ♂️ Zedan
0%
Z.k..a ♀️ Zekiya
0%
Z.z.n ♂️♀️ Zuzan
0%
Keine übereinstimmenden Quizze gefunden
Verteilung der Resultate
Anzahl Personen mit jedem Resultat
Perzentil nach korrekt beantworteten Fragen
Ihre Resultats-Entwicklung
Sie haben dieses Quiz noch nicht gespielt